000 00642cam a22002053a 4500
001 38613
003 PGUSA
005 20140828083842.0
008 120118s2012||||xxu|||||s|||||000 | eng d
040 _aPGUSA
_beng
042 _adc
245 1 4 _aThe Life of Saint Bridget, Virgin and Abbess
_h[electronic resource] /
_cAnonymous
260 _bProject Gutenberg,
_c2012
500 _aOriginally published as part of: The life of Saint Patrick, apostle of Ireland
506 _aPublic domain in the USA.
516 _aElectronic text
830 0 _aProject Gutenberg
_v38613
856 4 0 _uhttp://www.gutenberg.org/ebooks/38613
942 _cEB
999 _c267867
_d267867